| 000 | 00627nam a2200205Ia 4500 | ||
|---|---|---|---|
| 001 | 8519 | ||
| 003 | GE_BSU | ||
| 008 | 181216s||||||||xx |||||||||||||| ||und|| | ||
| 040 | _cGE_BSU | ||
| 080 | _a821.353.1-1 | ||
| 100 | _aვანილიში,ანა | ||
| 245 | _aვედრება. ლექსები | ||
| 245 | _cრედ. ზ. ფირცხალაიშვილი | ||
| 260 | _aბათუმი | ||
| 260 | _bგამ–ბა აჭარა | ||
| 260 | _c1993 | ||
| 300 | _a24გვ. 1ფ. პორტრ.16სმ. | ||
| 653 | _aვედრება. ლექსები | ||
| 942 | _cBK | ||
| 999 |
_c41836 _d41836 |
||